000 00757nam a2200217Ii 4500
003 JO-AjNU
008 230605s9999||||xx |||||||||||||| ||und||
017 _a2015/10965
020 _a978-977-04-7836-3
040 _aJO-AjNU
_bara
_erda
_cJO-AjNU
041 _aara
050 1 4 _aHV9070 2015
100 3 _aإمام، هالة محمد,
_eauthor
_964455
245 0 0 _aالجوانب الموضوعية والإجرائية للمسئولية الجنائية للاطفال: دراسة مقارنة
264 3 1 _aالقاهرة:دار النهضة العربية ،2015
300 _a638ص
336 _atext
_btxt
_2rdacontent
337 _aunmediated
_bn
_2rdamedia
338 _avolume
_bnc
_2rdacarrier
650 4 _aالاحداث-قانون
_964456
999 _aA29375
_c32943
_d32943